00943nab a22002417a 4500999001500000003000400015005001700019008004100036040000700077100002800084245008600112260007200198300001300270500003900283505008900322650003800411650001900449650002900468650001800497650003400515773013900549942001300688 c5954d5954OSt20260114130627.0190605e xxu||||| |||| 00| 0 spa d cPJ 96797aAnzarut, Gustavo 13aLa inspección del trabajo y la Inteligencia Artificial (IA) /cGustavo Anzarut. aCiudad Autónoma de Buenos Aires :bThomson Reuters La Ley,c2024. ap. 47-49 aCita: TR LALEY AR/DOC/1611/2024.  t¿Te interesa el texto completo? Solicitalo al correo: koha@justierradelfuego.gov.ar 09289aTECNOLOGIA DE LA INFORMACION 095233aPANDEMIA 09273aDERECHO INFORMATICO 09281aINTERNET 095817aINTELIGENCIA ARTIFICIAL0 0271193168dCiudad Autónoma de Buenos Aires : Thomson Reuters La Ley, 1999-2002.tRevista de derecho del trabajo. Nº 4 - Julio 2024 2udccANA